| 000 | 01919cam a2200325 4500500 | ||
|---|---|---|---|
| 005 | 20260208000812.0 | ||
| 041 | _afre | ||
| 042 | _adc | ||
| 100 | 1 | 0 |
_aApouey, Bénédicte _eauthor |
| 245 | 0 | 0 | _aShould health services be able to make use of health data? The views of health insurance policyholders in France |
| 260 | _c2024. | ||
| 500 | _a34 | ||
| 520 | _aAgainst a backdrop of massive investment in health data, this study is based on a quantitative survey conducted in 2016 among 1,700 policyholders of a non-profit insurance company (mutuelle) to shed light on the prevailing social representations regarding the use of health data in France. The survey measures policyholders’ interest in various innovative services that could be offered by the insurance company and that would make use of their health data. The analysis shows that respondents are both concerned about the security of their data and interested in the services. The worse the respondent’s state of health, and the greater his or her concerns about old age, the greater his or her interest. A lower social position goes hand in hand with greater interest, which could be a sign of social inequalities in access to health technologies. | ||
| 690 | _aconnected objects | ||
| 690 | _agenetic data | ||
| 690 | _ahealth data | ||
| 690 | _aquantified self | ||
| 690 | _aservices | ||
| 690 | _asocial inequalities | ||
| 690 | _asocial representations | ||
| 690 | _aconnected objects | ||
| 690 | _agenetic data | ||
| 690 | _ahealth data | ||
| 690 | _aquantified self | ||
| 690 | _aservices | ||
| 690 | _asocial inequalities | ||
| 690 | _asocial representations | ||
| 786 | 0 | _nRevue européenne des sciences sociales | 62-1 | 1 | 2024-05-23 | p. 129-164 | 0048-8046 | |
| 856 | 4 | 1 | _uhttps://shs.cairn.info/journal-revue-europeenne-des-sciences-sociales-2024-1-page-129?lang=en&redirect-ssocas=7080 |
| 999 |
_c1643976 _d1643976 |
||